Chawi
| Main Author: | |
|---|---|
| Format: | Book |
| Published: |
Kuala Lumpur Creative Enterprise ,
1995
|
| Subjects: |
MARC
| LEADER | 00000cam a2200000 7i4500 | ||
|---|---|---|---|
| 001 | 0000009474 | ||
| 005 | 20031117.0 | ||
| 008 | 030702s1995 | ||
| 020 | |a 9838932183 | ||
| 090 | 0 | 0 | |a BF MOH |
| 100 | 0 | |a Mohd.Amir Mohd Yusof | |
| 245 | 0 | 0 | |a Chawi |c Mohd.Amir Mohd.Yusof |
| 260 | |a Kuala Lumpur |a Creative Enterprise , |c 1995 | ||
| 300 | |a 119p, ; |c 18cm. | ||
| 650 | 0 | 0 | |a Fiction |
| 999 | |a 34436 |b Buku |c Rak Terbuka |e Perpustakaan Cawangan Jasin | ||